[Event "Meran-GoldCup 2009 37th"]
[Site "Meran (17.4.-25.4)"]
[Date "2009.04.24"]
[Round "8.6"]
[White "Willin, Bernhard"]
[Black "Betz, Egon"]
[Result "0-1"]
[WhiteElo "1799"]
[BlackElo "1858"]
[PlyCount "137"]
[EventDate "2009.04.??"]
[EventType "swiss"]
[EventRounds "9"]
[WhiteTeam "SUI-Grenzach"]
[BlackTeam "Ludwigshafen-1912 SK"]
[WhiteTeamCountry "SUI"]

1. d4 f5 2. h3 d5 3. Bf4 Nf6 4. Nf3 e6 5. e3 Bd6 6. Bxd6 Qxd6 7. a3 Nbd7 8. Bd3
b6 9. Nc3 c5 10. Bb5 O-O 11. Ne2 Bb7 12. c3 a6 13. Bxd7 Nxd7 14. Nf4 e5 15.
dxe5 Nxe5 16. Nxe5 Qxe5 17. h4 Rad8 18. Qb3 Rf6 19. O-O-O Rfd6 20. h5 Kf8 21.
Kb1 Bc6 22. Rde1 Qe4+ 23. Qc2 Ba4 24. b3 Bxb3 25. Qxe4 dxe4 26. Kb2 Bc4 27. Rc1
Ke7 28. Rhg1 Kf6 29. g4 fxg4 30. Rxg4 Rd2+ 31. Rc2 Rxc2+ 32. Kxc2 Rd7 33. Rg1
b5 34. Rg3 a5 35. Kc1 a4 36. Rg1 Bb3 37. Re1 Kf5 38. Rg1 Rb7 39. Nh3 h6 40. Nf4
Rc7 41. Ne2 Bc4 42. Nf4 Rb7 43. Kb2 Rd7 44. Kc1 Bb3 45. Ne2 Kf6 46. Nf4 Kf7 47.
Ng6 Rd5 48. Nf4 Rg5 49. Rh1 Ke7 50. Kb2 Kd6 51. Rc1 Kc6 52. Ra1 Kb6 53. Re1 Bf7
54. Rh1 Ka5 55. Kc2 Bb3+ 56. Kb2 b4 57. cxb4+ cxb4 58. Rc1 bxa3+ 59. Kxa3 Rf5
60. Rc7 Rf7 61. Rc5+ Kb6 62. Re5 Bc2 63. Nd5+ Ka7 64. Re7+ Rxe7 65. Nxe7 Bd1
66. Nf5 Bxh5 67. Nxg7 Bd1 68. Nf5 h5 69. Ng3 0-1

[Event "Meran-GoldCup 2009 37th"]
[Site "Meran (17.4.-25.4)"]
[Date "2009.04.24"]
[Round "8.10"]
[White "Vonach, Bernhard Dr"]
[Black "Bauer, Dieter(01.58)"]
[Result "1/2-1/2"]
[WhiteElo "1802"]
[BlackElo "1750"]
[PlyCount "52"]
[EventDate "2009.04.??"]
[EventType "swiss"]
[EventRounds "9"]
[WhiteTeam "Windach Spfr."]
[BlackTeam "Bebenhausen SK"]

1. e4 g6 2. f4 c6 3. Nf3 d5 4. e5 Bg4 5. h3 Bxf3 6. Qxf3 e6 7. d4 h5 8. Bd3 Nh6
9. Be3 Nf5 10. Bxf5 gxf5 11. Nc3 Bb4 12. Bd2 Bxc3 13. Bxc3 Nd7 14. O-O-O h4 15.
g3 hxg3 16. Qxg3 Qh4 17. Qxh4 Rxh4 18. Rdf1 c5 19. Be1 Rh6 20. Rfg1 Rg6 21. Bf2
Rc8 22. Kd2 cxd4 23. Bxd4 Nc5 24. Bxc5 Rxc5 25. Rxg6 fxg6 26. Rg1 Kf7 1/2-1/2

[Event "Meran-GoldCup 2009 37th"]
[Site "Meran (17.4.-25.4)"]
[Date "2009.04.24"]
[Round "8.14"]
[White "Kuestermann, Dieter"]
[Black "Bangert, Ruediger"]
[Result "1-0"]
[WhiteElo "1768"]
[BlackElo "1532"]
[PlyCount "78"]
[EventDate "2009.04.??"]
[EventType "swiss"]
[EventRounds "9"]
[WhiteTeam "Greven SF"]
[BlackTeam "Erlangen-Siemens SGem."]

1. e4 d6 2. d4 Nf6 3. Bd3 g6 4. Bg5 Bg7 5. f4 O-O 6. Nf3 c5 7. c3 Qa5 8. O-O
cxd4 9. Nxd4 Qb6 10. Kh1 e5 11. fxe5 dxe5 12. Nb3 Bg4 13. Qe1 Nbd7 14. N1d2
Rad8 15. Qg3 Be6 16. Bc2 Rde8 17. Rae1 Nh5 18. Qh4 Qa6 19. a3 f6 20. Be3 Bf7
21. Nc5 Qc6 22. Nxd7 Qxd7 23. Rd1 b6 24. Nc4 Qb5 25. Nd6 Qxb2 26. Nxe8 Qxc2 27.
Nxg7 Kxg7 28. Qe1 g5 29. Rd7 Qxe4 30. Bc5 Qxe1 31. Bxf8+ Kxf8 32. Rxe1 a6 33.
Rd6 b5 34. Rxa6 Kg7 35. g3 Kg6 36. Rxe5 Kg7 37. Rxb5 Kg6 38. Ra7 Ng7 39. Rxf7
Kxf7 1-0

[Event "Meran-GoldCup 2009 37th"]
[Site "Meran (17.4.-25.4)"]
[Date "2009.04.24"]
[Round "8.15"]
[White "Mielke, Torsten"]
[Black "Helbig, Dieter(51)"]
[Result "0-1"]
[WhiteElo "1630"]
[BlackElo "1718"]
[PlyCount "66"]
[EventDate "2009.04.??"]
[EventType "swiss"]
[EventRounds "9"]
[WhiteTeam "Zehdenick SF"]
[BlackTeam "Weilheim SK"]

1. e4 c5 2. f4 Nc6 3. Nf3 d6 4. Nc3 g6 5. Bc4 e6 6. O-O Bg7 7. d3 Nge7 8. Be3
O-O 9. Qd2 b6 10. a3 a6 11. Rae1 Bb7 12. Ng5 d5 13. exd5 exd5 14. Ba2 d4 15.
Bf2 dxc3 16. bxc3 Nd5 17. d4 h6 18. Nf3 b5 19. c4 bxc4 20. Bxc4 Nb6 21. Ba2
cxd4 22. Bh4 Qd6 23. Bg3 Qxa3 24. Ra1 Qe7 25. Ne5 Nxe5 26. fxe5 Rad8 27. Qa5
Nd5 28. Rae1 Nc3 29. e6 Kh7 30. Rxf7 Rxf7 31. exf7 Ne2+ 32. Kh1 Qe4 33. f8=N+
Rxf8 0-1

[Event "Meran-GoldCup 2009 37th"]
[Site "Meran (17.4.-25.4)"]
[Date "2009.04.24"]
[Round "8.16"]
[White "Schweitzer, Paul"]
[Black "Winter, Rudolf(29)"]
[Result "1-0"]
[WhiteElo "1626"]
[BlackElo "1615"]
[PlyCount "83"]
[EventDate "2009.04.??"]
[EventType "swiss"]
[EventRounds "9"]
[WhiteTeam "Berlin-Königsjäger-SW SV"]
[BlackTeam "Groß-Gerau SV"]

1. Nf3 Nf6 2. g3 g6 3. b3 Bg7 4. Bb2 O-O 5. d4 d5 6. Nbd2 Nbd7 7. e3 c6 8. Be2
Ne4 9. O-O Ndf6 10. c4 Bh3 11. Re1 e6 12. Bf1 Bxf1 13. Rxf1 Qc7 14. Rc1 Qa5 15.
a3 Rac8 16. b4 Qd8 17. Ne5 Nxd2 18. Qxd2 Ne4 19. Qe1 dxc4 20. Nxc4 Qd5 21. f3
Nf6 22. Qe2 Rfe8 23. Rfd1 Nd7 24. e4 Qh5 25. Nd6 Nf6 26. Rc5 Qh3 27. Nxc8 Rxc8
28. Qg2 Qh6 29. Bc1 g5 30. Bxg5 Qg6 31. Be3 h6 32. d5 exd5 33. exd5 Rd8 34. d6
Nd7 35. Rcc1 Nb6 36. Bc5 Rd7 37. Re1 Bf8 38. Re8 f5 39. Qe2 Kf7 40. Re1 Bxd6
41. Bxb6 axb6 42. Qa2+ 1-0

[Event "Meran-GoldCup 2009 37th"]
[Site "Meran (17.4.-25.4)"]
[Date "2009.04.24"]
[Round "8.17"]
[White "Segelken, Peter"]
[Black "Hartlaub, Marianne"]
[Result "1-0"]
[WhiteElo "1870"]
[BlackElo "1516"]
[PlyCount "40"]
[EventDate "2009.04.??"]
[EventType "swiss"]
[EventRounds "9"]
[WhiteTeam "Delmenhorst-1931 SK"]
[BlackTeam "Klingenberg SK"]

1. e4 d6 2. Nc3 Nf6 3. d4 c6 4. h3 Nbd7 5. Bd3 e5 6. Nf3 Be7 7. Bg5 O-O 8. Qd2
h6 9. Bh4 exd4 10. Nxd4 Nxe4 11. Nxe4 Bxh4 12. O-O Ne5 13. Be2 d5 14. Ng3 f5
15. Nh1 f4 16. Nf3 Nxf3+ 17. Bxf3 Qg5 18. Kh2 Be6 19. c3 Rad8 20. Rfe1 d4 1-0

[Event "Meran-GoldCup 2009 37th"]
[Site "Meran (17.4.-25.4)"]
[Date "2009.04.25"]
[Round "9.4"]
[White "Klages, Hans Juergen"]
[Black "Bous, Florian"]
[Result "1/2-1/2"]
[WhiteElo "2029"]
[BlackElo "2000"]
[PlyCount "72"]
[EventDate "2009.04.??"]
[EventType "swiss"]
[EventRounds "9"]
[WhiteTeam "Böhmetal SVg"]
[BlackTeam "Wollishofen"]

1. e4 e5 2. Nc3 Nf6 3. d3 d5 4. exd5 Nxd5 5. g3 Nxc3 6. bxc3 Bd7 7. Bg2 Bc6 8.
Nf3 Bd6 9. O-O O-O 10. c4 Nd7 11. c3 e4 12. Nd4 exd3 13. Bxc6 bxc6 14. Nxc6 Qf6
15. Qxd3 Ne5 16. Nxe5 Bxe5 17. Rb1 Bxc3 18. Be3 Rad8 19. Qe4 Bd4 20. Rb7 c6 21.
Re7 a5 22. c5 Rd5 23. Bxd4 Rxd4 24. Qe3 Rc4 25. Rd1 Rc2 26. Rd8 g6 27. Rxf8+
Kxf8 28. Ra7 Kg7 29. Rxa5 Qa1+ 30. Kg2 Rc1 31. Ra7 Rg1+ 32. Kh3 Qf1+ 33. Kg4
Qd1+ 34. f3 h5+ 35. Kg5 Qd5+ 36. Kh4 Qd8+ 1/2-1/2

[Event "Meran-GoldCup 2009 37th"]
[Site "Meran (17.4.-25.4)"]
[Date "2009.04.25"]
[Round "9.5"]
[White "Hoffmann, Hans(29)"]
[Black "Lutz, Albert(45)"]
[Result "1/2-1/2"]
[WhiteElo "1959"]
[BlackElo "2045"]
[PlyCount "103"]
[EventDate "2009.04.??"]
[EventType "swiss"]
[EventRounds "9"]
[WhiteTeam "Böblingen-HP SC"]
[BlackTeam "Krumbach SK"]

1. c4 c6 2. d4 d5 3. Nf3 Nf6 4. Nc3 Nbd7 5. e3 g6 6. cxd5 cxd5 7. Qb3 e6 8. Bb5
Bg7 9. O-O O-O 10. Bxd7 Nxd7 11. Bd2 b6 12. a4 a5 13. Nb5 Ba6 14. Rfc1 Rc8 15.
Qa3 Re8 16. Rxc8 Bxc8 17. b4 Bf8 18. Rc1 Nf6 19. Qb2 Ne4 20. Be1 Nd6 21. Ne5
Nxb5 22. axb5 axb4 23. Bxb4 Bg7 24. Nc6 Qd7 25. g3 Bf6 26. Ba3 Qb7 27. Bd6 Bd7
28. Rc3 Kg7 29. Be5 Rc8 30. Qc2 Bxe5 31. dxe5 Qa8 32. Kg2 Qa1 33. Qc1 Qa4 34.
Nd4 Rc4 35. Qa3 Qxa3 36. Rxa3 Rc7 37. Ra6 Rb7 38. Kf3 f6 39. exf6+ Kxf6 40. Nc6
e5 41. h4 h5 42. Ke2 Bg4+ 43. Kd2 Kf5 44. Kd3 Bh3 45. Ke2 Kf6 46. f3 Kf5 47.
Ra8 Kf6 48. Rf8+ Kg7 49. Rd8 Bd7 50. Kd2 Kf6 51. Rf8+ Kg7 52. Rd8 1/2-1/2

[Event "Meran-GoldCup 2009 37th"]
[Site "Meran (17.4.-25.4)"]
[Date "2009.04.25"]
[Round "9.10"]
[White "Kreie, Guenter"]
[Black "Hoeller, Werner"]
[Result "1/2-1/2"]
[WhiteElo "1766"]
[BlackElo "1834"]
[PlyCount "69"]
[EventDate "2009.04.??"]
[EventType "swiss"]
[EventRounds "9"]
[WhiteTeam "Eichholz-Remmighaus TuS"]
[BlackTeam "Brannenburg SF"]

1. e4 d5 2. exd5 Qxd5 3. c4 Qa5 4. Nc3 Nf6 5. d4 Bf5 6. Bd2 c6 7. Nf3 Nbd7 8.
Be2 e6 9. O-O Qc7 10. Rc1 Be7 11. Re1 Rd8 12. g3 O-O 13. Qb3 Rfe8 14. Be3 b6
15. Bf4 Bd6 16. Bxd6 Qxd6 17. Bf1 e5 18. dxe5 Nxe5 19. Nxe5 Rxe5 20. Rxe5 Qxe5
21. Rd1 Re8 22. Qa4 Bg4 23. Rc1 Qg5 24. Qc2 Bf5 25. Qd1 h5 26. Ra1 h4 27. Qd6
hxg3 28. hxg3 Re6 29. Qd8+ Kh7 30. Bd3 Qg6 31. Bxf5 Qxf5 32. Rd1 g6 33. Kg2 Re8
34. Qd2 Kg7 35. Qd3 1/2-1/2

[Event "Meran-GoldCup 2009 37th"]
[Site "Meran (17.4.-25.4)"]
[Date "2009.04.25"]
[Round "9.13"]
[White "Aufmwasser, Guenter"]
[Black "Segelken, Peter"]
[Result "1/2-1/2"]
[WhiteElo "1645"]
[BlackElo "1870"]
[PlyCount "78"]
[EventDate "2009.04.??"]
[EventType "swiss"]
[EventRounds "9"]
[WhiteTeam "Hilden SV"]
[BlackTeam "Delmenhorst-1931 SK"]

1. f4 d5 2. Nf3 Nc6 3. e3 g6 4. Bb5 Bd7 5. d4 f6 6. Nc3 e6 7. O-O Bd6 8. Qe2
Qe7 9. e4 dxe4 10. Nxe4 O-O-O 11. c3 h6 12. Be3 g5 13. Nc5 Bxc5 14. dxc5 e5 15.
fxe5 Nxe5 16. Bxd7+ Rxd7 17. Nxe5 Qxe5 18. Qf2 Qd5 19. Bd4 Rhh7 20. Rae1 Rhe7
21. Re2 Rxe2 22. Qxe2 f5 23. Qf2 Ne7 24. Re1 Nc6 25. Re8+ Rd8 26. Rxd8+ Kxd8
27. b3 Kd7 28. Qe3 a6 29. h3 Qe6 30. Qd2 Qe4 31. Bg7+ Ke6 32. Bxh6 g4 33. hxg4
fxg4 34. Bg7 g3 35. Qh6+ Kf7 36. Qf6+ Kg8 37. Qf8+ Kh7 38. Qh8+ Kg6 39. Qh6+
Kf7 1/2-1/2

[Event "Meran-GoldCup 2009 37th"]
[Site "Meran (17.4.-25.4)"]
[Date "2009.04.25"]
[Round "9.14"]
[White "Maissenbacher, Werner"]
[Black "Gerhards, Walter"]
[Result "0-1"]
[WhiteElo "1793"]
[BlackElo "1974"]
[PlyCount "82"]
[EventDate "2009.04.??"]
[EventType "swiss"]
[EventRounds "9"]
[WhiteTeam "Ersingen SC"]
[BlackTeam "Ratingen SK"]

1. e4 e6 2. d4 d5 3. Nc3 Bb4 4. e5 c5 5. a3 Bxc3+ 6. bxc3 Ne7 7. f4 Nbc6 8. Nf3
Qa5 9. Bd2 Qa4 10. dxc5 Bd7 11. Bd3 Rc8 12. O-O Na5 13. Qe2 Rxc5 14. Rfb1 Rc8
15. Rb4 Qc6 16. Nd4 Qc7 17. Bb5 a6 18. Bxd7+ Qxd7 19. Rb6 O-O 20. Be1 Nc4 21.
Rb3 Nc6 22. Qg4 Nxd4 23. cxd4 Rc7 24. Rh3 f5 25. Qh5 g6 26. Qe2 Qa4 27. Bh4
Rfc8 28. Bf6 Na5 29. Rd1 Rxc2 30. Qe1 R2c7 31. Rh6 Nb3 32. h4 Rc1 33. Kh2 Rxd1
34. Qxd1 Rc1 35. Qf3 Qxd4 36. h5 Nd2 37. hxg6 Nxf3+ 38. Kg3 Rc7 39. gxf3 Qg1+
40. Kh4 Qh2+ 41. Kg5 Qg3+ 0-1

[Event "Meran-GoldCup 2009 37th"]
[Site "Meran (17.4.-25.4)"]
[Date "2009.04.25"]
[Round "9.15"]
[White "Bangert, Ruediger"]
[Black "Schweitzer, Paul"]
[Result "0-1"]
[WhiteElo "1532"]
[BlackElo "1626"]
[PlyCount "116"]
[EventDate "2009.04.??"]
[EventType "swiss"]
[EventRounds "9"]
[WhiteTeam "Erlangen-Siemens SGem."]
[BlackTeam "Berlin-Königsjäger-SW SV"]

1. d4 d5 2. c4 e6 3. cxd5 exd5 4. e3 c6 5. Be2 Bb4+ 6. Bd2 a5 7. a3 Bd6 8. Nf3
Nd7 9. Nc3 b5 10. e4 Ne7 11. e5 Bc7 12. Ng5 Nf8 13. Bh5 Nfg6 14. Qf3 O-O 15.
Bg4 Bxg4 16. Qxg4 Qc8 17. e6 fxe6 18. Qxe6+ Qxe6+ 19. Nxe6 Rfc8 20. Nxc7 Rxc7
21. O-O Nf5 22. Ne2 Re8 23. Rfe1 Rce7 24. Kf1 Re4 25. f3 R4e6 26. Bxa5 Ne3+ 27.
Kf2 Nc2 28. Rad1 Nxe1 29. Rxe1 Kf7 30. Bb4 Rf6 31. Rd1 h5 32. Re1 Rfe6 33. Bc3
h4 34. h3 Kf6 35. Bb4 Kf5 36. Bc3 Nh8 37. Bb4 g5 38. Bc3 Nf7 39. Bb4 Kg6 40.
Kf1 Nh6 41. Kf2 Nf5 42. Bc3 Ng3 43. Nxg3 hxg3+ 44. Kf1 Kf5 45. Rxe6 Rxe6 46.
Bd2 Re8 47. Bc1 Kg6 48. Bd2 Kh5 49. Bc1 Re7 50. Bd2 Re6 51. Bc1 c5 52. dxc5 d4
53. b4 d3 54. Bd2 Re2 55. Be1 Kh4 56. a4 Rb2 57. axb5 Rb1 58. b6 d2 0-1

[Event "Meran-GoldCup 2009 37th"]
[Site "Meran (17.4.-25.4)"]
[Date "2009.04.25"]
[Round "9.17"]
[White "Winter, Rudolf(29)"]
[Black "Sieghardt, Walter"]
[Result "1/2-1/2"]
[WhiteElo "1615"]
[BlackElo "1486"]
[PlyCount "71"]
[EventDate "2009.04.??"]
[EventType "swiss"]
[EventRounds "9"]
[WhiteTeam "Groß-Gerau SV"]
[BlackTeam "Friedberg SC"]

1. d4 d5 2. Nf3 e6 3. e3 c5 4. c3 cxd4 5. exd4 a6 6. Bd3 Nc6 7. O-O Be7 8. Bf4
Nf6 9. Nbd2 O-O 10. Ne5 h6 11. h3 Bd6 12. Bg3 Re8 13. f4 Qc7 14. Bh4 Be7 15.
Bxf6 Bxf6 16. Qg4 Qe7 17. Ndf3 Bxe5 18. fxe5 Rf8 19. Nh4 Qg5 20. Rf3 Qxg4 21.
hxg4 g5 22. Rf6 gxh4 23. Rxh6 Bd7 24. Rf6 Kg7 25. Raf1 Rae8 26. g5 Ne7 27. R1f4
Ng6 28. Rf3 Bb5 29. Bc2 Be2 30. Rf2 Bh5 31. Kh2 Bg4 32. Bd3 b5 33. a4 Rb8 34.
axb5 axb5 35. Kg1 Bd1 36. Kh2 1/2-1/2